Customary law : (Record no. 4450)

MARC details
000 -LEADER
fixed length control field 00691 a2200193 4500
010 ## - LCCN (DPL NO)
LC control number ENG-86370
020 ## - INTERNATIONAL STANDARD BOOK NUMBER
International Standard Book Number 978817534590X
Terms of availability 995.00
035 ## - SYSTEM CONTROL NUMBER
System control number EN-69903
037 ## - SOURCE OF ACQUISITION
Source of stock number/acquisition DBAD / PUB
082 14 - DEWEY DECIMAL CLASSIFICATION NUMBER
Classification number 340.5
100 1# - MAIN ENTRY--PERSONAL NAME
Personal name Rattigan, W.H.
245 1# - TITLE STATEMENT
Title Customary law :
Statement of responsibility, etc by W.H.Rattigan
Remainder of title as at present ascertained /
250 ## - EDITION STATEMENT
Edition statement 16th ed.
260 ## - PUBLICATION, DISTRIBUTION, ETC. (IMPRINT)
Place of publication, distribution, etc Delhi
Name of publisher, distributor, etc Universal Law Publishing
Date of publication, distribution, etc 2007
270 ## - ADDRESS
Address C-FF-1A, Dilkhush Industrial Estate, (Opp. Hans Cinema, Azadpur), G.T. Karnal Road,
City Delhi
State or province New Delhi
Postal code 110 033
Telephone number 011-27438103
Fax number 011-27458529
Electronic mail address sales@unilawbooks.com
300 ## - PHYSICAL DESCRIPTION
Extent xxxiv, 960p.
Dimensions 25cm (Hb.)
500 ## - GENERAL NOTE
General note Includes index
942 ## - ADDED ENTRY ELEMENTS (KOHA)
Institution code [OBSOLETE] dpl
Item type English Books
Source of classification or shelving scheme Dewey Decimal Classification
Classification part 340.5
Call number suffix RAT
Holdings
Withdrawn status Lost status Not for loan Collection code Home library Current library Source of acquisition Cost, normal purchase price Full call number Barcode Copy number Cost, replacement price Koha item type
    Not For Loan Non-fiction D.B.Act.Division D.B.Act.Division DBAD/PUB 995.00 340.5 RAT EN-69903 1 995.00 English Books

© Delhi Public Library
Hit Counter
free hit counter